书目信息 |
| 题名: |
毕加索传
|
|
| 作者: | 杨斌 著 ;易杰雄 主编 | |
| 分册: | ||
| 出版信息: | 北京 中国广播电视出版社 2003.01 |
|
| 页数: | 233页 | |
| 开本: | 21cm | |
| 丛书名: | 桂冠世界名人传记书系 | |
| 单 册: | ||
| 中图分类: | K835.515.72 , K835.515.7 | |
| 科图分类: | ||
| 主题词: | ||
| 电子资源: | ||
| ISBN: | 7-5043-4021-9 | |
| 000 | 00857nam2 2200265 45 | |
| 005 | 20041027092703.32 | |
| 010 | @a7-5043-4021-9@dCNY 18.00 | |
| 100 | @a20030211d2003 ekmy0chiy0121 ea | |
| 101 | 0 | @achi |
| 102 | @aCN@b110000 | |
| 105 | @af z 000yb | |
| 200 | 1 | @a毕加索传@Abi jia suo zhuan@f杨斌著 |
| 210 | @a北京@c中国广播电视出版社@d2003.01 | |
| 215 | @a233页@c彩图@d21cm | |
| 225 | 2 | @a桂冠世界名人传记书系@f易杰雄主编 |
| 320 | @a本书含参考书目 | |
| 330 | @a本书分十五章: 天才少年; 从巴塞罗那到马德里; 蓝色幽灵; 相约“洗衣船”; 恶之花; 立体狂潮; …… | |
| 410 | 0 | @12001 @a桂冠世界名人传记书系 |
| 600 | 1 | @a毕加索@bP.R.@f1881-1973@x传记 |
| 690 | @aK835.515.72@v4 | |
| 690 | @aK835.515.7@v3 | |
| 701 | 0 | @a杨斌@Ayang bin@4著 |
| 702 | 0 | @a易杰雄@Ayi jie xiong@4主编 |
| 801 | 0 | @aCN@bQSSK52@c20041027 |
| 905 | @a10447@dK835.515.7@eY145 | |
| 毕加索传/杨斌著.-北京:中国广播电视出版社,2003.01 |
| 233页:彩图;21cm.-(桂冠世界名人传记书系/易杰雄主编) |
| ISBN 7-5043-4021-9:CNY 18.00 |
| 本书分十五章: 天才少年; 从巴塞罗那到马德里; 蓝色幽灵; 相约“洗衣船”; 恶之花; 立体狂潮; …… |
| ● |
| 相关链接 |
|
|
|
正题名:毕加索传
索取号:K835.515.7/Y145
 
预约/预借
| 序号 | 登录号 | 条形码 | 馆藏地/架位号 | 状态 | 备注 |
| 1 | 423413 | 204234131 | 社科库309/309社科库 101排4列6层/ [索取号:K835.515.7/Y145] | 在馆 | |
| 2 | 423414 | 204234140 | 社科库309/309社科库 101排4列6层/ [索取号:K835.515.7/Y145] | 在馆 |